[Event "XIV Weekend Primavera"]
[Site "Genova ITA"]
[Date "2011.03.20"]
[Round "4"]
[White "Pesce, Gabriele"]
[Black "Rodriguez Alvarez, Alan"]
[Result "1-0"]
[WhiteElo "2185"]
[BlackElo "2104"]
[PlyCount "97"]
[EventDate "2011.03.18"]

1. e4 c5 2. Nc3 Nc6 3. f4 e6 4. Nf3 Nge7 5. g3 d6 6. Bg2 Nd4 7. d3 Nec6 8. O-O
g6 9. Nxd4 cxd4 10. Ne2 Bg7 11. f5 exf5 12. exf5 Bxf5 13. Nf4 O-O 14. Nh5 Qd7
15. Nxg7 Kxg7 16. Qd2 Rae8 17. Qh6+ Kh8 18. Qh4 f6 19. Bh6 g5 20. Bxc6 Qxc6 21.
Qxd4 Bh3 22. Qf2 Rf7 23. Rfe1 Re5 24. d4 Rf5 25. Qd2 Rc7 26. Re3 Kg8 27. Qe2 g4
28. c3 Kf7 29. Bf4 h5 30. Re1 h4 31. Re7+ Rxe7 32. Qxe7+ Kg6 33. Qe8+ Qxe8 34.
Rxe8 hxg3 35. hxg3 Ra5 36. a3 Rb5 37. b4 Rb6 38. d5 Ra6 39. Bc1 Kf5 40. c4 Ra4
41. Bb2 a5 42. c5 axb4 43. cxd6 bxa3 44. Bxa3 Rxa3 45. d7 Rxg3+ 46. Kh1 Kf4 47.
d8=Q Rf3 48. Qxf6+ Kg3 49. Qe5+ 1-0